000 01370nam0a22002891 4500
001 rc\538197
005 20030616165714.9
035 _a(NLR Aleph) 005775344
090 _a5072297
_c5072297
100 _a20030616d1987 u |0rusy50 ca
101 0 _arus
102 _aRU
105 _ay |||||||||
200 1 _aТЕНДЕНЦИИ развития производства эффективных строительных материалов и изделий
_fГос. план. ком. УССР, УкрНИИНТИ и техн.-экон. исслед.
_gДегтяренко Н.В., к. т. н.
210 _aКиев
_cУкрНИИНТИ
_d1987
215 _a11 с.
_d21
225 1 _aЭкспресс-информация для руководителя
_iНовые материалы и технологии
_v(7.2.1)
225 1 _aНовое в науке, технике и производстве
300 _aБез. тит. л. и обл.
320 _aБиблиогр.: с. 10
702 1 _aДегтяренко
_bН. В.
_gНиколай Васильевич
_4220
712 0 2 _aУкраинский НИИ науч.-техн. информации и технико-экон. исследований
_cКиев
_3RU\NLR\AUTH\8810023920
801 0 _aRU
_bNLR
_gpsbo
801 1 _aRU
_bELAR
_2rusmarc
852 _aNLR
_j88-4/12136
942 _cBOOK
980 _aNB